000 00744nam a22001817a 4500
005 20231117121148.0
010 _aHIN-126145
020 _a9789388658263
_c325.00
035 _aHN-98491
037 _a1
082 _a954.030922
100 _aगाबा,ओमप्रकाश
_958818
245 _aभारतीय राजनीति-विचारक/
_cओम प्रकाश गाबा
260 _aनई दिल्ली
_bनेशनल पेपरबैक्स
_c2022
270 _a4230/1 अंसारी रोड, दरियागंज
_bनई दिल्ली
_e110002
300 _a294पृ.
_c24सेमी(अजिल्द)
942 _2ddc
_cHN
_mगाबाओ
_h954.030922
999 _c198777
_d198777